Bohatstvo z hlbín zeme

Podrobná bibliografia
Hlavný autor: Lastomirský, Emil (Author)
Médium: Článok
Jazyk:Slovak
Témy:
Zdroj: 1. Východoslovenské noviny 1. (1975), dát. 0906, s. 3
LEADER 00729nab#a2200313#ar4500
001 000023948
003 SVKKK
005 00000000000000.0
008 c xo e sloo
FMT
038 |a SVKKK 
040 |a SVKKK  |b slo  |e AACR2 
041 0 |a slo 
044 |a xo  |c SK 
080 |a 553.  |2 1981 
090 |a ŠVK K 
100 1 |a Lastomirský, Emil  |4 aut 
245 1 0 |a Bohatstvo z hlbín zeme  |c Lastomirský Emil, 
650 0 4 |a Nafta, Michalovce 
650 0 4 |a ťažba  |x hodnotenie 
773 0 |t Východoslovenské noviny  |g (1975), dát. 0906, s. 3 
957 |a Michalovce 
958 |a NP 
958 |a RE 
974 |d 940803  |a 238\Čr 
992 |a RBX 
BAS
852 |a SVKKK  |b BIB 
998 |a BAN